| 000 | 00447nam a2200157Ia 4500 | ||
|---|---|---|---|
| 008 | 210210b2003 xxu||||| |||| 00| 0 eng d | ||
| 020 | _a81 7033 821 2 | ||
| 082 | _a361.3 REIS | ||
| 100 | _aREICHERT (Elisabeth). | ||
| 245 | _aSocialwork and Human rights: a foundation for policy and practice. | ||
| 260 |
_aND _bRawat Publications _c2003 |
||
| 300 | _axi,295 | ||
| 650 | _aSocial work Human rights | ||
| 690 | _aSocial Work | ||
| 906 | _a059528 | ||
| 999 |
_c106567 _d106567 |
||